Entry Personal Name
Number of records used in: 1
001 - CONTROL NUMBER
003 - CONTROL NUMBER IDENTIFIER
005 - DATE AND TIME OF LATEST TRANSACTION
- control field:
20240918115637.0
008 - FIXED-LENGTH DATA ELEMENTS
- fixed length control field:
240918|| aca||aabn | a|a d
040 ## - CATALOGING SOURCE
- Original cataloging agency:
JRU
- Transcribing agency:
JRU
100 ## - HEADING--PERSONAL NAME
- Personal name:
SHARMA, PAWAN KUMAR
670 ## - SOURCE DATA FOUND
- Source citation:
Work cat.: (JRU)8648: SHARMA, PAWAN KUMAR, REMEDIAL MATHEMATICS, [B.PHARMA, 1ST SEMESTER]